Alkali-silica reaction in concrete (Record no. 103899)

MARC details
000 -LEADER
fixed length control field 00765cam a2200229 4500
008 - FIXED-LENGTH DATA ELEMENTS--GENERAL INFORMATION
fixed length control field 041220n2004 000 0 eng u
020 ## - INTERNATIONAL STANDARD BOOK NUMBER
International Standard Book Number 1860817114
035 ## - SYSTEM CONTROL NUMBER
System control number (Sirsi) u128365
041 ## - LANGUAGE CODE
Language code of text/sound track or separate title eng.
050 ## - LIBRARY OF CONGRESS CALL NUMBER
Classification number 693.5
-- 18
110 ## - MAIN ENTRY--CORPORATE NAME
Corporate name or jurisdiction name as entry element BRE Centre for Concrete Construction
9 (RLIN) 4659
245 ## - TITLE STATEMENT
Title Alkali-silica reaction in concrete
Remainder of title worked examples.
260 ## - PUBLICATION, DISTRIBUTION, ETC.
Place of publication, distribution, etc. Watford
Name of publisher, distributor, etc. BRE
Date of publication, distribution, etc. 2004
300 ## - PHYSICAL DESCRIPTION
Extent 8p.
Dimensions 30cm.
490 ## - SERIES STATEMENT
Series statement BRE Digest
Volume/sequential designation 330 Part 3
520 ## - SUMMARY, ETC.
Summary, etc. This four part digest offers guidance for concreting applications. Part three contains worked examples.
650 ## - SUBJECT ADDED ENTRY--TOPICAL TERM
Topical term or geographic name entry element CONCRETE
650 ## - SUBJECT ADDED ENTRY--TOPICAL TERM
Topical term or geographic name entry element ALKALI SILICA REACTION
690 ## - LOCAL SUBJECT ADDED ENTRY--TOPICAL TERM (OCLC, RLIN)
Topical term or geographic name as entry element BUILT ENVIRONMENT-BUILDING PATHOLOGY
710 ## - ADDED ENTRY--CORPORATE NAME
Corporate name or jurisdiction name as entry element United Kingdom
Subordinate unit Department of Trade and Industry
942 ## - ADDED ENTRY ELEMENTS (KOHA)
Suppress in OPAC 0
Holdings
Withdrawn status Lost status Source of classification or shelving scheme Damaged status Not for loan Home library Current library Shelving location Date acquired Total Checkouts Full call number Barcode Date last seen Copy number Price effective from Koha item type
    Dewey Decimal Classification     London London BRE publications 20/12/2004   ENQUIRY DESK 30069800 06/08/2019 1 06/08/2019 Book